000 01632nam a2200325 a 4500
003 CO-PeBPR
005 20260501135913.0
008 260415e2024 ck a|||| n||| 00| 0 spa c
020 _a9789580716921
040 0 _aCO-PeBPR
_bspa
_cCO-PeBPR
_erda
041 0 _hspa
082 0 4 _a(i) Br869.3 F866p
100 1 _aFreitas, Tino
_eautor
245 1 0 _a¿Por qué tienes la boca tan grande?
_c/ Tino Freitas ; ilustraciones de Raquel Matsushita
250 _aEdición especial
264 1 _aBogotá, Colombia
_b: Susaeta
_c, 2024
300 _a[46] páginas sin enumerar
_b: ilustraciones a color
_c; 22 centímetros
336 _atexto
_btxt
_crdacontenido
337 _asin mediación
_bn
_2rdamedio
338 _avolumen
_bnc
_2rdasoporte
490 _aPlan Nacional de Lectura, Escritura y Oralidad / Ministerio de las Culturas, las Artes y los Saberes.
500 _aContiene datos biográficos del autor y la ilustradora.
520 _aÉrase una vez una niña que iba por el bosque camino a la casa de su abuelita. En el bosque había un lobo, que veía todo. ¿Conoces esa historia, no es así? Pero no todo paso como te imaginas... En esta relectura del clásico cuento de Caperucita Roja, son reveladas escenas inéditas del encuentro de la niña con el lobo. ¿Lo dudas? Entonces abre las páginas de este libro, pero con cuidado.
521 _aRecomendado para 7 a 12 años.
650 1 4 _2LEMB
_aCuentos infantiles brasileños
_ySiglo XXI
650 1 4 _2LEMB
_aLiteratura infantil brasileña
_ySiglo XXI
650 1 4 _2LEMB
_aSentidos en la literatura
700 1 _aMatsushita, Raquel
_eilustradora
942 _2ddc
_cBKINF
999 _c17843
_d17843